[Event "Mecklenburg VP-ch U14 Girls"]
[Site "Malchow"]
[Date "2019.02.03"]
[Round "2.2"]
[White "Bress, Amy Charlize"]
[Black "Feige, Adelina"]
[Result "1-0"]
[WhiteElo "1432"]
[BlackElo "1350"]
[PlyCount "139"]
[EventDate "2019.02.02"]
[EventType "tourn"]
[EventRounds "7"]
[EventCountry "GER"]
[SourceTitle "EXT 2022"]
[Source "ChessBase"]
[SourceDate "2021.10.06"]
[SourceVersion "1"]
[SourceVersionDate "2021.10.06"]
[SourceQuality "1"]

1. e4 e5 2. Nf3 Nc6 3. Bb5 a6 4. Ba4 Nf6 5. d3 b5 6. Bb3 Be7 7. 0-0 d6 8. c3 Bg4 9. Nbd2 0-0 10. Re1 Qd7 11. h3 Bh5 12. Nf1 Na5 13. Bc2 d5 14. exd5 Qxd5 15. g4 Nxg4 16. hxg4 Bxg4 17. N1h2 Bh5 18. Rxe5 Qxe5 19. Nxe5 Bxd1 20. Bxd1 Rfe8 21. Be3 f6 22. Nef3 Nc6 23. Bb3+ Kf8 24. Bd5 Na7 25. Bxa8 Rxa8 26. Nd4 Kf7 27. Nf5 Nc6 28. Nxe7 Nxe7 29. Nf3 Rd8 30. Rd1 Nc6 31. Kf1 g5 32. d4 h5 33. Ke2 Kg6 34. Rg1 Rd5 35. Kd3 Ne7 36. Ke2 a5 37. b3 Nc6 38. c4 bxc4 39. bxc4 Rd7 40. a3 Rh7 41. d5 Ne7 42. Nd4 Rh8 43. Bd2 a4 44. Ne6 Re8 45. Kd3 c6 46. d6 Nf5 47. d7 Rxe6 48. d8Q Rd6+ 49. Qxd6 Nxd6 50. c5 Nb7 51. Kc4 h4 52. f3 Kh5 53. Be1 f5 54. Rh1 f4 55. Kb4 Kg6 56. Bf2 Kh5 57. Kxa4 Nd8 58. Ka5 Nf7 59. Kb6 Ne5 60. a4 Nxf3 61. a5 g4 62. a6 g3 63. a7 gxf2 64. a8Q Ng1 65. Qh8+ Kg6 66. Qg8+ Kf5 67. Rxg1 h3 68. Rf1 f3 69. Rxf2 Ke4 70. Qg4+ 1-0

[Event "GER-ch U12 Girls"]
[Site "Willingen"]
[Date "2018.05.25"]
[Round "10"]
[White "Feige, Adelina"]
[Black "Prinzen, Siri Marleen"]
[Result "1-0"]
[WhiteElo "1166"]
[BlackElo "1227"]
[PlyCount "85"]
[EventDate "2018.05.19"]
[EventType "swiss"]
[EventRounds "11"]
[EventCountry "GER"]
[SourceTitle "CBM 184 Extra"]
[Source "ChessBase"]
[SourceDate "2018.06.28"]
[SourceVersion "1"]
[SourceVersionDate "2018.06.28"]
[SourceQuality "1"]

1. d4 Nf6 2. c4 e5 3. dxe5 Ng4 4. e4 Nxe5 5. Nf3 Nec6 6. Nc3 Bb4 7. Bd2 Qe7 8. Bd3 d6 9. 0-0 0-0 10. Nd5 Qd8 11. Bxb4 Be6 12. Bc3 Na6 13. Nf4 Re8 14. Re1 Qd7 15. a3 Nc5 16. b4 Nxd3 17. Qxd3 a6 18. Bb2 f6 19. h3 Rad8 20. Nh5 Ne5 21. Nxe5 dxe5 22. Qxd7 Rxd7 23. c5 Rd2 24. Bc3 Rc2 25. Rec1 Ra2 26. Rxa2 Bxa2 27. Rd1 Be6 28. f4 exf4 29. Bxf6 gxf6 30. Nxf6+ Kf7 31. Nxe8 Kxe8 32. Rf1 Kf7 33. Rxf4+ Ke7 34. g4 Bg8 35. h4 Ke6 36. Rf8 Bf7 37. h5 Kf6 38. Rb8 Kg5 39. Rxb7 Kxg4 40. Rxc7 Bxh5 41. Rxh7 Bg6 42. Rg7 Kg5 43. c6 1-0

[Event "GER-ch U12 Girls"]
[Site "Willingen"]
[Date "2018.05.21"]
[Round "3"]
[White "Fischer, Darja"]
[Black "Feige, Adelina"]
[Result "1/2-1/2"]
[WhiteElo "1430"]
[BlackElo "1166"]
[PlyCount "73"]
[EventDate "2018.05.19"]
[EventType "swiss"]
[EventRounds "11"]
[EventCountry "GER"]
[SourceTitle "CBM 184 Extra"]
[Source "ChessBase"]
[SourceDate "2018.06.28"]
[SourceVersion "1"]
[SourceVersionDate "2018.06.28"]
[SourceQuality "1"]

1. e4 e5 2. Nf3 Nc6 3. Nc3 Nf6 4. Bb5 Bb4 5. 0-0 0-0 6. d3 d6 7. Ne2 Bg4 8. Bxc6 bxc6 9. Ng3 h6 10. h3 Bh5 11. Nxh5 Nxh5 12. Nxe5 dxe5 13. Qxh5 Qf6 14. Be3 a5 15. c3 Be7 16. d4 exd4 17. Bxd4 Qh4 18. Qxh4 Bxh4 19. b4 axb4 20. cxb4 Rfe8 21. f3 Be7 22. Bc5 Bf6 23. Rad1 Rxa2 24. Bd4 Bxd4+ 25. Rxd4 Ra4 26. Rc1 Re6 27. Rdc4 Ra6 28. Kf2 Ra2+ 29. R1c2 Rxc2+ 30. Rxc2 Rd6 31. Ke3 f6 32. Rc4 Kf8 33. Rd4 Ke7 34. Rxd6 cxd6 35. Kd4 Ke6 36. f4 f5 37. e5 1/2-1/2

[Event "GER-ch U12 Girls"]
[Site "Willingen"]
[Date "2018.05.20"]
[Round "1"]
[White "Feige, Adelina"]
[Black "Woerz, Ann Sophie"]
[Result "0-1"]
[WhiteElo "1166"]
[BlackElo "1433"]
[PlyCount "86"]
[EventDate "2018.05.19"]
[EventType "swiss"]
[EventRounds "11"]
[EventCountry "GER"]
[SourceTitle "CBM 184 Extra"]
[Source "ChessBase"]
[SourceDate "2018.06.28"]
[SourceVersion "1"]
[SourceVersionDate "2018.06.28"]
[SourceQuality "1"]

1. d4 Nf6 2. c4 e6 3. Nc3 Bb4 4. Bg5 h6 5. Bh4 g5 6. Bg3 b6 7. Qc2 h5 8. h4 Bxc3+ 9. bxc3 g4 10. e4 Bb7 11. Bd3 d6 12. Ne2 Qe7 13. 0-0 Nbd7 14. e5 Ng8 15. Rab1 f5 16. d5 Nxe5 17. Bxe5 dxe5 18. Qa4+ Qd7 19. Qxd7+ Kxd7 20. dxe6+ Kxe6 21. c5 Rd8 22. Bc4+ Bd5 23. Bxd5+ Rxd5 24. cxb6 axb6 25. c4 Rd2 26. Nc3 Ne7 27. Nb5 Rc8 28. a4 c6 29. Na7 Rc7 30. Nxc6 Rxc6 31. Rfc1 f4 32. g3 fxg3 33. fxg3 Nf5 34. Rc3 e4 35. Rbc1 Rc5 36. R1c2 Rxc2 37. Rxc2 Nxg3 38. Kg2 Nf5 39. Kf2 g3+ 40. Kg2 Ne3+ 41. Kxg3 Nxc2 42. Kh3 e3 43. Kg3 e2 0-1

[Event "Mecklenburg VP-ch U12 Girls"]
[Site "Malchow"]
[Date "2018.02.07"]
[Round "3.2"]
[White "Feige, Adelina"]
[Black "Boettner, Hannah"]
[Result "1-0"]
[WhiteElo "1072"]
[BlackElo "801"]
[PlyCount "57"]
[EventDate "2018.02.07"]
[EventType "swiss"]
[EventRounds "7"]
[EventCountry "GER"]
[SourceTitle "EXT 2022"]
[Source "ChessBase"]
[SourceDate "2021.10.06"]
[SourceVersion "1"]
[SourceVersionDate "2021.10.06"]
[SourceQuality "1"]

1. d4 d5 2. c4 e6 3. Nc3 Nf6 4. cxd5 exd5 5. Bf4 Nc6 6. Nf3 Bf5 7. e3 Bb4 8. Qb3 0-0 9. Bb5 a5 10. 0-0 Be4 11. Nxe4 Nxe4 12. Qc2 Qf6 13. Bxc7 Ng5 14. Nxg5 Qxg5 15. Bxc6 bxc6 16. Qxc6 Ra7 17. Bf4 Qf6 18. Qxf6 gxf6 19. Bh6 Rc8 20. Rac1 Rac7 21. Rxc7 Rxc7 22. a3 Bd2 23. Rd1 Rc2 24. b4 axb4 25. axb4 Rb2 26. h3 Bxb4 27. Rc1 Bd6 28. Rc8+ Bf8 29. Rxf8# 1-0

[Event "Mecklenburg VP-ch U12 Girls"]
[Site "Malchow"]
[Date "2018.02.07"]
[Round "2.4"]
[White "Koepnick, Amanda"]
[Black "Feige, Adelina"]
[Result "0-1"]
[WhiteElo "794"]
[BlackElo "1072"]
[PlyCount "62"]
[EventDate "2018.02.07"]
[EventType "swiss"]
[EventRounds "7"]
[EventCountry "GER"]
[SourceTitle "EXT 2022"]
[Source "ChessBase"]
[SourceDate "2021.10.06"]
[SourceVersion "1"]
[SourceVersionDate "2021.10.06"]
[SourceQuality "1"]

1. e4 e5 2. Nf3 Nc6 3. Bc4 Bc5 4. c3 Nf6 5. d4 exd4 6. cxd4 Bb4+ 7. Nc3 Nxe4 8. 0-0 Nf6 9. Bg5 0-0 10. Ne5 h6 11. Bh4 Be7 12. Qf3 Nxd4 13. Qf4 Ne6 14. Qf5 d6 15. Rad1 Nd4 16. Qf4 dxe5 17. Qxe5 c5 18. Ne4 b6 19. Bd3 Bf5 20. Bxf6 Bxf6 21. Nxf6+ gxf6 22. Qg3+ Kh8 23. Bxf5 Ne2+ 24. Kh1 Nxg3+ 25. fxg3 Qe7 26. Rfe1 Qc7 27. Re4 Rad8 28. Rf1 Rd4 29. Rg4 Rxg4 30. Bxg4 Qe5 31. a4 Re8 0-1

[Event "Mecklenburg VP-ch Youth"]
[Site "Malchow"]
[Date "2017.02.14"]
[Round "6.3"]
[White "Ryll, Emily Maria"]
[Black "Feige, Adelina"]
[Result "0-1"]
[WhiteElo "716"]
[BlackElo "945"]
[PlyCount "76"]
[EventDate "2017.02.08"]
[EventType "swiss"]
[EventRounds "7"]
[EventCountry "GER"]
[SourceTitle "EXT 2022"]
[Source "ChessBase"]
[SourceDate "2021.10.06"]
[SourceVersion "1"]
[SourceVersionDate "2021.10.06"]
[SourceQuality "1"]

1. e4 e5 2. Nf3 Nc6 3. Bc4 Bc5 4. 0-0 Nf6 5. d3 h6 6. Nc3 d6 7. h3 0-0 8. Qe2 Be6 9. Bb5 Nd4 10. Qd1 a6 11. Bc4 b5 12. Bb3 a5 13. Bxe6 fxe6 14. Be3 b4 15. Na4 Ba7 16. c3 bxc3 17. bxc3 Nc6 18. Qe2 Qe8 19. Rab1 d5 20. exd5 exd5 21. Rb7 e4 22. dxe4 dxe4 23. Nh4 Nd8 24. Rxc7 Bxe3 25. Qxe3 Qxa4 26. Ra1 Nd5 27. Qg3 Nxc7 28. Qxc7 Ne6 29. Qd6 Nf4 30. g3 Nxh3+ 31. Kh2 Nxf2 32. Ng6 Ng4+ 33. Kg2 Qc2+ 34. Kh3 Nf2+ 35. Kg2 e3 36. Ne7+ Kf7 37. Qd7 Nd1+ 38. Kf1 Qf2# 0-1

[Event "GER-ch U10 Girls"]
[Site "Willingen"]
[Date "2016.05.15"]
[Round "2"]
[White "Peglau, Charis"]
[Black "Feige, Adelina"]
[Result "1-0"]
[WhiteElo "1097"]
[BlackElo "795"]
[PlyCount "63"]
[EventDate "2016.05.15"]
[EventType "swiss"]
[EventRounds "11"]
[EventCountry "GER"]
[SourceTitle "CBM 172 Extra"]
[Source "ChessBase"]
[SourceDate "2016.06.21"]
[SourceVersion "1"]
[SourceVersionDate "2016.06.21"]
[SourceQuality "1"]

1. e4 e5 2. Nf3 Nc6 3. Bc4 Bc5 4. c3 Nf6 5. d4 Bd6 6. Bg5 0-0 7. 0-0 h6 8. Bh4 Qe7 9. dxe5 Bxe5 10. Nxe5 Nxe5 11. Bb3 Ng6 12. Bg3 Nxe4 13. Re1 d6 14. Nd2 Bf5 15. Bd5 c6 16. Bxe4 Bxe4 17. Nxe4 d5 18. Bd6 Qe6 19. Bxf8 Rxf8 20. Ng3 Qf6 21. Qg4 Ne5 22. Qd4 Re8 23. f4 Nf3+ 24. gxf3 Rxe1+ 25. Rxe1 Qxd4+ 26. cxd4 Kf8 27. Nf5 a6 28. Nd6 g6 29. f5 b5 30. f6 Kg8 31. Re8+ Kh7 32. Nxf7 1-0